Cuadernos del Area Clínica : Revista de la Facultad de Psicología UANL : [número] 9 : nov. 1989 /

Cuadernos del Area Clínica (1987-1994), publicación de la Facultad de Psicología de la Universidad Autónoma de Nuevo León (UANL) que a lo largo de sus 22 números fue dirigida por el psicólogo y psicoanalista Rodolfo Alvarez del Castillo Luviano (Morelia, 1956). La publicación integró primeramenete e...

Ausführliche Beschreibung

Gespeichert in:
Bibliographische Detailangaben
Weitere Verfasser: Alvarez del Castillo Luviano, Rodolfo (dirección) (dirección)
Format: Buch
Sprache:Spanisch
Veröffentlicht: Monterrey, México : Universidad Autónoma de Nuevo León, Facultad de Psicología, 1989
Schriftenreihe:(Cuadernos del Area Clínica: Revista de la Facultad de Psicología UANL ; 9)
Schlagworte:
Tags: Tag hinzufügen
Keine Tags, Fügen Sie das erste Tag hinzu!

MARC

LEADER 00000nam^a2200000^a^4500
001 000629927
005 20260408000000.0
009 20260526154545.858
037 |a Acervo ITESO - Biblioteca 
041 |a ESP 
082 |a 150. 5  |b CUA 1989 V. 9 
240 1 1 |a [Cuadernos del Area Clínica] 
240 1 1 |a [Cuadernos del Area Clínica: Revista de la Facultad de Psicología UANL] 
245 0 0 |a Cuadernos del Area Clínica :  |b Revista de la Facultad de Psicología UANL : [número] 9 : nov. 1989 /  |c Dir. de R. Alvarez del Castillo Luviano. 
264 1 |a Monterrey, México :  |b Universidad Autónoma de Nuevo León, Facultad de Psicología,  |c 1989 
300 |a 31 p. 
336 |a texto  |b txt  |2 rdacontenido 
337 |a sin mediación  |b n  |2 rdamedio 
338 |a volumen  |b nc  |2 rdasoporte 
440 1 |a (Cuadernos del Area Clínica: Revista de la Facultad de Psicología UANL ;  |v 9) 
520 |a Cuadernos del Area Clínica (1987-1994), publicación de la Facultad de Psicología de la Universidad Autónoma de Nuevo León (UANL) que a lo largo de sus 22 números fue dirigida por el psicólogo y psicoanalista Rodolfo Alvarez del Castillo Luviano (Morelia, 1956). La publicación integró primeramenete el subtítulo "Revista de la Facultad de Psicología UANL" (números 0-13, 1987-1990) y después "Revista de Psicoanálisis de la Facultad de Psicología UANL" (números 14-22, 1991-1994). 
520 |a El número 9, con fecha de noviembre de 1989, tiene como contenido único el trabajo La evolución de la esquizofrenia desde un punto de vista psicoanalítico, por Susana Roig de Sorsby. 
567 |a Catalogación rápida 
649 |a XX 
650 |a Psicoanálisis -  |x Publicaciones Periódicas -  |x Tema Principal 
650 |a Psicología -  |x Publicaciones Periódicas -  |x Tema Principal 
650 |a Publicaciones Periódicas Mexicanas 
650 |a Publicaciones Periódicas 
700 |a Alvarez del Castillo Luviano, Rodolfo  |e (dirección) 
910 |a Fondo Castillo-Martínez 
920 |a Impresos - Libros 
930 |a Fondos Especiales 
905 |a 127 
901 |a 629927-10  |b IT2  |c ESP  |i D129747  |u 20260408 
902 |a https://opac.biblio.iteso.mx/vufind/Record/000629927